Obiekty geograficzne- Azja - Statystyki

Ogólne statystyki
  • Ten quiz został rozwiązany 150 razy
  • Średni wynik to 30 z 148
Statystyki odpowiedzi
Krainy % Poprawnych
Himalaje
77%
Arabski
63%
Ganges
55%
Indyjski
54%
Tybet
54%
Jangcy
52%
Bajkał
50%
Indus
50%
Chińska
49%
Lena
49%
Zachodniosyberyjska
49%
Gobi
47%
Ob
46%
Żółte
46%
Kamczatka
44%
Japońskie
41%
Kaspijskie
40%
Środkowosyberyjska
40%
Kaukaz
38%
Południowochińskie
38%
Borneo
36%
Cejlon
36%
Eufrat
36%
Jawa
36%
Koreański
36%
Perska
36%
Tygrys
36%
Beringa
34%
Czerwone
34%
Sumatra
34%
Tajwan
34%
Bengalska
32%
Tienszan
32%
Ałtaj
31%
Celebes
31%
Gangesu
31%
Amur
30%
Arabskie
30%
Irańska
30%
Malajski
30%
Mekong
30%
Filipiny
28%
Hokkaido
28%
Indusu
28%
Turańska
28%
Wschodniochińskie
28%
Honsiu
27%
Pekin
27%
Tokio
27%
Aralskie
26%
Jenisej
26%
Mongolska
25%
Czukocki
24%
Bałchasz
23%
Ochockie
22%
Kiusiu
21%
Azja Mniejsza
20%
Brahmaputra
20%
Irtysz
20%
Sajany
20%
Karskie
18%
Sikoku
18%
Czerskiego
17%
Malediwy
17%
Sachalin
17%
Szanghaj
17%
Tajmyr
17%
Zagros
17%
Jawajskie
16%
Malakka
16%
Elbrus
15%
Mandżurska
15%
Adeńska
14%
Andamańskie
14%
Jamał
14%
Czukockie
13%
Jabłonowe
13%
Kuryle
13%
Łaptiewów
13%
Bangkok
12%
Kuala Lumpur
12%
Taurus
12%
Ankara
11%
Kołyma
11%
Rijad
11%
Wschodniosyberyjskie
11%
Bab al-Mandab
10%
Dżakarta
10%
Jerozolima
10%
Banda
9%
Singapur
9%
Ziemia Północna
9%
Bagdad
8%
Baku
8%
Ghaty
8%
Kara-Kum
8%
Omańska
8%
Synaj
8%
Angara
7%
Bejrut
7%
Damaszek
7%
Hanoi
7%
Huang-ho
7%
Indygirka
7%
Koreańska
7%
Ormuz
7%
Pontyjskie
7%
Tajwańska
7%
Takla-Makan
7%
Tbilisi
7%
Irkuck
6%
Kalkuta
6%
Kyzyłkum
6%
Władywostok
6%
Mezopotamia
5%
Phnom Penh
5%
Tel-Awiw
5%
Bombaj
4%
Irawadi
4%
Jakuck
4%
Moluckie
4%
Thar
4%
Wientian
4%
Ałmata
3%
Deli
3%
Kioto
3%
Makasar
3%
Mekka
3%
Obska
3%
Palk
3%
Techeran
3%
Indiochiński
2%
Karachi
2%
Pogórze Kazachskie
2%
Rangun
2%
Rub al Chali
2%
Erewań
1%
Lhasa
1%
Nankin
1%
Dolna Tunguzka
0%
Mekran
0%
Nowa Zelandia
0%
Syjamska
0%
Wieli Nefud
0%
Nie znaleziono quizów pasujących do podanych kryteriów
Rozkład punktacji
Procent ludzi z każdym wynikiem
Percentyl według liczby udzielonych odpowiedzi
Twoja historia wyników
Nie rozwiązałeś tego quizu